| 000 | 00426cam a2200181ua 4500 | ||
|---|---|---|---|
| 020 | _c45.00 | ||
| 041 |
_aeng _h |
||
| 082 |
_a621.3132 _bGOE/DC |
||
| 100 | _aGoel, R.C . | ||
| 245 |
_aD.C.Machines and transformering / _cR.C.Goel. _hTextual Documents |
||
| 250 |
_a1 / _b. |
||
| 260 |
_a : _bT.P.L.Printers , _c1988. |
||
| 300 | _a918 ; . | ||
| 365 | _a45.00 | ||
| 504 | _a | ||
| 942 | _cBK | ||
| 999 |
_c1941 _d1941 |
||